Closest State to State Size - Statistics

General Stats
  • This quiz has been taken 27 times
  • The average score is 6 of 12
Answer Stats
State State Closest in Size % Correct
Alaska Texas
100%
New Mexico Arizona
70%
Connecticut Delaware
70%
Delaware Rhode Island
61%
South Dakota Nebraska
48%
Kentucky Tennessee
48%
Hawaii Massachusetts
39%
Colorado Oregon
35%
Utah Idaho
30%
Wisconsin Florida
22%
Maine Indiana
17%
North Carolina New York
13%
No matching quizzes found
Score Distribution
Percent of People with Each Score
Percentile by Number Answered
Your Score History
You have not taken this quiz